La costruzione di una scienza per la nuova Italia: dal diritto canonico al diritto ecclesiastico
Đã lưu trong:
| Tác giả chính: | |
|---|---|
| Định dạng: | Sách |
| Ngôn ngữ: | Tiếng Italy |
| Được phát hành: |
Macerata
EUM
2011
|
| Phiên bản: | 1a. ed |
| Những chủ đề: | |
| Các nhãn: |
Thêm thẻ
Không có thẻ, Là người đầu tiên thẻ bản ghi này!
|
MARC
| LEADER | 00000cam a2200000 a 4500 | ||
|---|---|---|---|
| 001 | UCF2113 | ||
| 003 | CL-VaPUC | ||
| 008 | 120810e20111200IT |||||||||||||||||ita|d | ||
| 020 | |a 9788860562982 | ||
| 082 | 0 | 4 | |a 262.9 |b VAR |2 21 |
| 100 | 0 | |a Varnier, Giovanni Battista |e author |9 563722 | |
| 245 | 1 | 3 | |a La costruzione di una scienza per la nuova Italia: dal diritto canonico al diritto ecclesiastico |
| 250 | |a 1a. ed | ||
| 300 | |a 296 p | ||
| 942 | |c BK | ||
| 945 | |d 20120810 00:00:00 |a dcastane | ||
| 260 | |a Macerata |b EUM |c 2011 | ||
| 650 | 7 | |a DERECHO CANONICO |2 CL-VaPUC |9 563723 | |
| 650 | 0 | |a Derecho eclesiástico |9 255055 | |
| 650 | 0 | |a Iglesia y Estado |9 254995 | |
| 650 | 7 | |a LIBERTAD RELIGIOSA |2 CL-VaPUC |9 563724 | |
| 583 | |a last modification |c 20161026 12:28:10 |k Rodrigo Vera | ||
| 999 | |c 348764 |d 348762 | ||
| 952 | |0 0 |1 0 |4 0 |6 262_900000000000000_VAR_2011 |7 0 |8 DER_HDC |9 450936 |a BIBDER |b BIBDER |d 2019-11-22 |i 4890655 |o 262.9 VAR 2011 |p 4890655 |r 2023-01-25 |w 2019-11-22 |x Ubicación 4to Piso |y BK |z Estos recursos deben solicitarse con anticipación |k DER | ||